000 00601nam a2200217Ia 4500
005 20250508150543.0
008 008 250505s9999 xx 000 0 eng d
037 _aTextual
040 _aFEDL
_beng
_cFEDL
041 _aeng
_2eng
084 _a155.45, JAC
_qFEDL
100 _aJackson Lydia
245 0 _aChild treatment and the therapy of play
250 _a2nd
260 _aLondon, UK
_bMethuen and Co. Ltd.
_c1946
300 _aix,115p.
650 _aChild Psychology
700 _a Todd Kathleen M.
_9757002
942 _cTEXL
_h155.45, JAC
999 _c1324233
_d1324233